01544nam a2200397 c 450000100060000000300100000600500170001600700030003300800410003602000180007704000350009504100080013004300120013808200250015010000250017524501560020025000220035626400650037830000610044333600270050433700330053133800280056449000250059249000220061750400410063950501690068052100410084965000430089065000400093365000450097365000500101865500120106865500120108070000280109270000260112058396CO-BoRNBP20250822141216.0ta231010s2022 ck a g 001 0 spa  a9789585105935 aCO-BoRNBPbspaerdacCO-BoRNBP0 hspa as-ck---04a025.509861bT67v222 aTorres, Alfonsoeaut10aBibliotecas vivas 5 :bvinculación comunitaria en las bibliotecas públicas /cAlfonso Torres, Mayra Sánchez ; ilustraciones de Daniel Fajardo B.. aPrimera edición 1aBogotá, Colombia :bBiblioteca Nacional de Colombia,c2022 a52 páginas :bilustraciones, cuadros en blanco y negro atextobtxt2rdacontent asin mediaciónbn2rdamedia avolumenbnc2rdacarrier0 aBibliotecas vivasv50 aLeer es mi cuento aIncluye referencias bibliográficas0 a¿Cómo entender la comunidad y lo comunitario hoy?. -- Relación comunidad y biblioteca pública. -- Formas de agencia comunitaria en las bibliotecas públicas aRecomendado para un público adulto07aCapacitación de bibliotecarios2LEMB07aPlanificación bibliotecaria2lemb07aPromoción de la lecturavGuías2LEMB07aBibliotecas PublicasvGuíaszColombia2LEMB aGuías aGuías aFajardo B., Danieleill aSánchez, Mayraeaut